[Event "European Senior Team Championship 2014"]
[Site "Sibenik"]
[Date "2014.04.06"]
[Round "6.5"]
[White "Quinn, John M"]
[Black "Wallner, Joachim"]
[Result "1-0"]
[WhiteElo "2135"]
[BlackElo "2361"]
[PlyCount "51"]
[EventDate "2014.04.01"]

1. d4 d5 2. c4 c6 3. Nf3 Nf6 4. Nc3 a6 5. c5 Nbd7 6. Bf4 Nh5 7. Bd2 g6 8. e4
dxe4 9. Nxe4 Ndf6 10. Nxf6+ Nxf6 11. Bc4 Bg7 12. Qb3 Nd5 13. O-O O-O 14. Rfe1
e6 15. h4 Ne7 16. Rad1 Nf5 17. Bg5 Qc7 18. Re4 a5 19. a4 Re8 20. h5 gxh5 21.
Nh4 Qd7 22. Qf3 Nxd4 23. Qxh5 e5 24. Rd3 Rf8 25. Rexd4 exd4 26. Rg3 1-0

[Event "European Senior Team Championship 2014"]
[Site "Sibenik"]
[Date "2014.04.06"]
[Round "6.5"]
[White "Thoma, Robert"]
[Black "Scholes, James E"]
[Result "1-0"]
[WhiteElo "2342"]
[BlackElo "2103"]
[PlyCount "105"]
[EventDate "2014.04.01"]

1. Nf3 d5 2. d4 e6 3. Bf4 Bd6 4. Bg3 Nf6 5. e3 Ne4 6. Bd3 f5 7. Bxd6 cxd6 8.
O-O O-O 9. c4 dxc4 10. Bxc4 d5 11. Bd3 a6 12. Qb3 Nc6 13. a4 Bd7 14. Nbd2 Rb8
15. Qa3 a5 16. Rac1 Nxd2 17. Nxd2 Nb4 18. Be2 Qb6 19. Rc3 Rbc8 20. Rfc1 Bc6 21.
Nf3 Rc7 22. Ne5 Rfc8 23. g3 g6 24. h4 Kg7 25. Kg2 h5 26. Kg1 Kf6 27. Nf3 Be8
28. Ne5 Bc6 29. Kg2 Be8 30. Bb5 Bc6 31. Bxc6 bxc6 32. Qb3 Kg7 33. Nd3 Kf6 34.
Nc5 Re7 35. Nd3 Rec7 36. Nc5 Re7 37. Qd1 Qb8 38. Rb3 Qd6 39. Nd3 Rb8 40. Ne5
Rc7 41. Rc5 Ra7 42. Qf3 Rg8 43. Qf4 Kg7 44. Nxg6 Qxf4 45. Nxf4 Kf6 46. Nxh5+
Ke7 47. Nf4 Kd6 48. Nd3 Rb8 49. Ne5 Rb6 50. f3 Rc7 51. Rxa5 c5 52. dxc5+ Rxc5
53. Rxc5 1-0

[Event "European Senior Team Championship 2014"]
[Site "Sibenik"]
[Date "2014.04.06"]
[Round "6.5"]
[White "Bowmer, Kevin"]
[Black "Danner, Georg"]
[Result "1/2-1/2"]
[WhiteElo "2083"]
[BlackElo "2336"]
[PlyCount "65"]
[EventDate "2014.04.01"]

1. e4 c5 2. Nf3 d6 3. d4 cxd4 4. Nxd4 Nf6 5. Nc3 Nc6 6. Bg5 e6 7. Qd2 Nxd4 8.
Qxd4 a6 9. Be2 Be7 10. O-O h6 11. Bh4 O-O 12. Rfd1 Nxe4 13. Bxe7 Nxc3 14. bxc3
Qxe7 15. Qxd6 Qxd6 16. Rxd6 g5 17. g3 Re8 18. Rad1 Kf8 19. c4 Ke7 20. f4 gxf4
21. gxf4 b5 22. c5 Ra7 23. c6 Rc7 24. a3 Rg8+ 25. Kf2 h5 26. h4 Rg6 27. Bf3 Rf6
28. Ke3 Rf5 29. Rd8 e5 30. Rh8 exf4+ 31. Kd4 Be6 32. Re1 Kf6 33. Ra8 1/2-1/2

[Event "European Senior Team Championship 2014"]
[Site "Sibenik"]
[Date "2014.04.06"]
[Round "6.6"]
[White "Rooze, Jan"]
[Black "Soylu, Suat"]
[Result "1-0"]
[WhiteElo "2348"]
[BlackElo "2407"]
[PlyCount "75"]
[EventDate "2014.04.01"]

1. e4 c5 2. Nf3 g6 3. Bc4 Bg7 4. c3 d6 5. d4 cxd4 6. cxd4 Nf6 7. Nc3 O-O 8. Bb3
Nc6 9. h3 b5 10. O-O b4 11. Nd5 Nxd5 12. Bxd5 Qb6 13. Be3 Ba6 14. Re1 Rac8 15.
Qd2 Na5 16. Bh6 e6 17. Bb3 Rc7 18. Bxg7 Kxg7 19. h4 h5 20. Qf4 Nxb3 21. axb3 f6
22. Qe3 Bb7 23. Nd2 d5 24. e5 f5 25. Nf3 Bc8 26. Rec1 Rxc1+ 27. Rxc1 Bd7 28.
Rc5 Qa6 29. Rc7 Rf7 30. Ng5 Re7 31. Nh3 Qa1+ 32. Kh2 Qxb2 33. Qg5 Rf7 34. Nf4
Qxd4 35. Rxd7 Qxf4+ 36. Qxf4 Rxd7 37. Qxb4 d4 38. Qa4 1-0

[Event "European Senior Team Championship 2014"]
[Site "Sibenik"]
[Date "2014.04.06"]
[Round "6.6"]
[White "Mollaoglu, Ergin"]
[Black "Geenen, Marc"]
[Result "1-0"]
[WhiteElo "2354"]
[BlackElo "2240"]
[PlyCount "45"]
[EventDate "2014.04.01"]

1. d4 Nf6 2. c4 g6 3. Nc3 Bg7 4. e4 d6 5. h3 O-O 6. Bg5 Na6 7. Be2 e5 8. dxe5
dxe5 9. Qxd8 Rxd8 10. Nd5 Rd6 11. Bxf6 Bxf6 12. Nxf6+ Rxf6 13. Nf3 Nc5 14. Nxe5
Nxe4 15. O-O Re6 16. Ng4 Re7 17. Ne3 c6 18. Rad1 Be6 19. Rd4 Nc5 20. b4 Rd7 21.
Rfd1 Rad8 22. Rxd7 Rxd7 23. bxc5 1-0

[Event "European Senior Team Championship 2014"]
[Site "Sibenik"]
[Date "2014.04.06"]
[Round "6.6"]
[White "Bolzoni, Victor-Angel"]
[Black "Dogantug, Ahmet Ismail"]
[Result "0-1"]
[WhiteElo "2207"]
[BlackElo "2149"]
[PlyCount "116"]
[EventDate "2014.04.01"]

1. e4 c5 2. Nf3 a6 3. c3 g6 4. d4 cxd4 5. Qxd4 Nf6 6. Bd3 Nc6 7. Qa4 d6 8. Bg5
Bg7 9. O-O O-O 10. Nbd2 h6 11. Bh4 Bd7 12. Qb3 b5 13. Qd1 Nh5 14. a3 Nf4 15.
Bc2 a5 16. Bg3 Nh5 17. Re1 Nxg3 18. hxg3 b4 19. axb4 axb4 20. Rxa8 Qxa8 21.
cxb4 Nxb4 22. e5 Nxc2 23. Qxc2 Rc8 24. Qd3 Bf5 25. Qe3 Qd5 26. exd6 exd6 27. b3
Rc3 28. Qf4 g5 29. Re8+ Kh7 30. Nxg5+ hxg5 31. Qxg5 Be6 32. Qh4+ Kg6 33. Nf3
Rc1+ 34. Kh2 Qh5 35. Rd8 d5 36. b4 Rb1 37. g4 Qxh4+ 38. Nxh4+ Kg5 39. Rg8 Kh6
40. g5+ Kh7 41. Rd8 Rxb4 42. g3 Bd4 43. f4 Rb2+ 44. Kh1 Rb1+ 45. Kg2 Rb2+ 46.
Kh1 Bb6 47. Rd6 Bc8 48. Rf6 Kg7 49. Nf5+ Bxf5 50. Rxf5 Rd2 51. Re5 Bf2 52. Re7
Bxg3 53. f5 Bh4 54. Rd7 Bxg5 55. Rd6 Rh2+ 56. Kg1 Be3+ 57. Kf1 Rf2+ 58. Kg1 d4
0-1

[Event "European Senior Team Championship 2014"]
[Site "Sibenik"]
[Date "2014.04.06"]
[Round "6.6"]
[White "Muratoglu, Salih"]
[Black "Schrickx, Frank"]
[Result "1-0"]
[WhiteElo "2020"]
[BlackElo "1889"]
[PlyCount "61"]
[EventDate "2014.04.01"]

1. d4 d5 2. c4 dxc4 3. e4 e5 4. d5 f5 5. Bxc4 Nf6 6. exf5 Bxf5 7. Nf3 Bd6 8.
O-O O-O 9. Nc3 Nbd7 10. Nb5 Nb6 11. Bb3 Bg4 12. h3 Bh5 13. Nxd6 Qxd6 14. Qc2
Bxf3 15. gxf3 Nbxd5 16. Be3 Qd7 17. Kh2 Kh8 18. Rad1 c6 19. Rg1 Qf7 20. Bc5 Nh5
21. Bxf8 Qf4+ 22. Kg2 Rxf8 23. Qe4 Qg5+ 24. Kh2 Qe7 25. Bxd5 Nf6 26. Qh4 cxd5
27. Rg3 Qc5 28. Rg2 e4 29. Rdg1 exf3 30. Rxg7 Nh5 31. Rxh7+ 1-0

[Event "European Senior Team Championship 2014"]
[Site "Sibenik"]
[Date "2014.04.06"]
[Round "6.7"]
[White "Westerinen, Heikki M.J"]
[Black "Malmdin, Nils-Ake"]
[Result "1/2-1/2"]
[WhiteElo "2293"]
[BlackElo "2175"]
[PlyCount "30"]
[EventDate "2014.04.01"]

1. e4 c5 2. Nf3 g6 3. c3 d5 4. exd5 Qxd5 5. d4 Bg7 6. Be3 cxd4 7. cxd4 Nf6 8.
Nc3 Qa5 9. Ne5 O-O 10. Bc4 Nc6 11. f4 Ne4 12. Qb3 Nd6 13. O-O Nxc4 14. Qxc4 Nb4
15. Rad1 Bf5 1/2-1/2

[Event "European Senior Team Championship 2014"]
[Site "Sibenik"]
[Date "2014.04.06"]
[Round "6.7"]
[White "Petersson, Gosta"]
[Black "Kanko, Ilkka"]
[Result "0-1"]
[WhiteElo "2158"]
[BlackElo "2188"]
[PlyCount "71"]
[EventDate "2014.04.01"]

1. c4 e5 2. Nc3 Nf6 3. g3 h6 4. Bg2 Bb4 5. Nf3 Nc6 6. Nd5 Bc5 7. d3 O-O 8. O-O
d6 9. a3 Nxd5 10. cxd5 Ne7 11. d4 exd4 12. Nxd4 Bd7 13. b3 Qc8 14. Re1 Bh3 15.
Bh1 Qg4 16. Bb2 Nf5 17. Bf3 Qg5 18. Nxf5 Bxf5 19. Rc1 Rae8 20. e4 Bc8 21. Kg2
Bb6 22. h4 Qe7 23. Qd2 Qd7 24. g4 f6 25. Rh1 Rxe4 26. Bxe4 Qxg4+ 27. Kf1 Qxe4
28. Rh2 Bg4 29. Kg1 Re8 30. Rg2 h5 31. Qc3 Qe2 32. Rc2 Qd1+ 33. Kh2 Re1 34. Rc1
Rh1+ 35. Kg3 Rh3+ 36. Kf4 0-1

[Event "European Senior Team Championship 2014"]
[Site "Sibenik"]
[Date "2014.04.06"]
[Round "6.7"]
[White "Hurme, Harri"]
[Black "Nyberg, Ulf"]
[Result "1-0"]
[WhiteElo "2150"]
[BlackElo "2141"]
[PlyCount "87"]
[EventDate "2014.04.01"]

1. d4 e6 2. c4 f5 3. Nf3 Nf6 4. g3 Bb4+ 5. Bd2 Be7 6. Bg2 O-O 7. O-O d6 8. Nc3
Nc6 9. Rc1 e5 10. d5 Na5 11. b3 c5 12. Ng5 h6 13. Ne6 Bxe6 14. dxe6 Nc6 15. Nd5
Rb8 16. Bc3 Nh7 17. e3 Ng5 18. Qd2 Qe8 19. Rcd1 Rd8 20. Nc7 Qg6 21. Bb2 f4 22.
exf4 exf4 23. Rfe1 fxg3 24. hxg3 Nf3+ 25. Bxf3 Rxf3 26. Nd5 Rdf8 27. Re2 h5 28.
Nxe7+ Nxe7 29. Qxd6 Qg5 30. Qe5 R3f5 31. Qe4 h4 32. Qxh4 Qxh4 33. gxh4 Rf4 34.
Rd7 Rg4+ 35. Kf1 Re8 36. h5 b6 37. Rxa7 Nc6 38. Rc7 Nd4 39. Bxd4 cxd4 40. Rd7
Rh4 41. Ke1 Rxh5 42. Rxd4 Rh1+ 43. Kd2 Ra1 44. Kc3 1-0

[Event "European Senior Team Championship 2014"]
[Site "Sibenik"]
[Date "2014.04.06"]
[Round "6.7"]
[White "Nordstrom, Felix"]
[Black "Morant, Paul"]
[Result "1/2-1/2"]
[WhiteElo "2125"]
[BlackElo "2149"]
[PlyCount "73"]
[EventDate "2014.04.01"]

1. d4 d5 2. c4 c6 3. Nf3 Nf6 4. Nc3 g6 5. e3 Bg7 6. Be2 O-O 7. O-O dxc4 8. Bxc4
b5 9. Be2 Bb7 10. Qb3 a5 11. Rd1 Qc7 12. Bd2 Nbd7 13. Rac1 Qb6 14. Ng5 a4 15.
Qb4 e5 16. dxe5 Nxe5 17. Nge4 Rfe8 18. Qc5 Qxc5 19. Nxc5 Rab8 20. Be1 Bf8 21.
N3e4 Nxe4 22. Nxe4 Bg7 23. Nd6 Re6 24. Nxb7 Rxb7 25. Rd8+ Bf8 26. Bb4 Nd7 27.
Rd1 c5 28. R1xd7 Rxd7 29. Rxd7 cxb4 30. Bxb5 a3 31. bxa3 bxa3 32. g3 Re7 33.
Rd5 Rc7 34. Ba4 Kg7 35. Rd1 Be7 36. Bb3 Bf6 37. Kg2 1/2-1/2

[Event "European Senior Team Championship 2014"]
[Site "Sibenik"]
[Date "2014.04.06"]
[Round "6.8"]
[White "Jamieson, Peter M"]
[Black "Kauko, Pekka"]
[Result "0-1"]
[WhiteElo "2251"]
[BlackElo "2013"]
[PlyCount "98"]
[EventDate "2014.04.01"]

1. d4 Nf6 2. Nf3 e6 3. Bf4 Be7 4. h3 b6 5. e3 Bb7 6. Bd3 O-O 7. O-O Ne4 8. Nfd2
f5 9. f3 Nxd2 10. Nxd2 Bg5 11. Bxg5 Qxg5 12. Qe2 f4 13. Ne4 Qh6 14. Rae1 Nc6
15. c3 Ne7 16. Nf2 Nd5 17. Ng4 Qg5 18. c4 h5 19. cxd5 hxg4 20. hxg4 Bxd5 21. e4
Bc6 22. g3 fxg3 23. Kg2 Rf4 24. Rh1 Raf8 25. Rh5 Qf6 26. g5 Qxd4 27. Reh1 Kf7
28. R1h3 Ke7 29. Rxg3 d5 30. e5 Qc5 31. Rhh3 d4 32. Kh2 Qc1 33. g6 Kd8 34. Bc4
Be4 35. Rg1 Qc2 36. Qxc2 Bxc2 37. Rg2 Bf5 38. Rh7 Rxf3 39. Rxg7 Rh3+ 40. Kg1
Be4 41. Bxe6 Bxg2 42. Kxg2 Rh6 43. Rd7+ Ke8 44. g7 Rg6+ 45. Kh3 Rg8 46. Bf5
R6xg7 47. Rxd4 Rh8+ 48. Rh4 Rxh4+ 49. Kxh4 Rg2 0-1

[Event "European Senior Team Championship 2014"]
[Site "Sibenik"]
[Date "2014.04.06"]
[Round "6.8"]
[White "Alkkiomaki, Jyrki"]
[Black "Giulian, Philip M"]
[Result "1/2-1/2"]
[WhiteElo "1957"]
[BlackElo "2193"]
[PlyCount "40"]
[EventDate "2014.04.01"]

1. e4 e6 2. d4 d5 3. exd5 exd5 4. Nf3 Nf6 5. Bd3 Be7 6. h3 h6 7. O-O O-O 8. Bf4
Bd6 9. Ne5 Nc6 10. c3 Ne7 11. Qf3 Bf5 12. Bxh6 Bxd3 13. Nxd3 Ne4 14. Bf4 Ng6
15. Bxd6 Qxd6 16. Rd1 Rae8 17. Nd2 Re6 18. Nf1 Rf6 19. Qe2 Re6 20. Qc2 Nh4
1/2-1/2

[Event "European Senior Team Championship 2014"]
[Site "Sibenik"]
[Date "2014.04.06"]
[Round "6.8"]
[White "Ranki, Martti"]
[Black "Scrimgour, Alan"]
[Result "1/2-1/2"]
[WhiteElo "1918"]
[BlackElo "2016"]
[PlyCount "20"]
[EventDate "2014.04.01"]

1. Nf3 c5 2. g3 Nc6 3. c4 g6 4. Nc3 Bg7 5. Bg2 Nf6 6. O-O d5 7. cxd5 Nxd5 8.
Qb3 Nb6 9. d3 O-O 10. Ne4 Nd4 1/2-1/2

[Event "European Senior Team Championship 2014"]
[Site "Sibenik"]
[Date "2014.04.06"]
[Round "6.9"]
[White "Huelsmann, Josef"]
[Black "Opl, Klaus"]
[Result "1/2-1/2"]
[WhiteElo "2168"]
[BlackElo "2283"]
[PlyCount "23"]
[EventDate "2014.04.01"]

1. d4 d5 2. Nf3 Nf6 3. c4 e6 4. Nc3 Be7 5. Bg5 h6 6. Bh4 O-O 7. e3 b6 8. Bd3
Bb7 9. O-O Nbd7 10. cxd5 Nxd5 11. Bxe7 Qxe7 12. Rc1 1/2-1/2

[Event "European Senior Team Championship 2014"]
[Site "Sibenik"]
[Date "2014.04.06"]
[Round "6.9"]
[White "Titz, Heimo"]
[Black "Haselhorst, Helmut"]
[Result "1/2-1/2"]
[WhiteElo "2151"]
[BlackElo "2079"]
[PlyCount "82"]
[EventDate "2014.04.01"]

1. c4 Nf6 2. Nc3 g6 3. e4 d6 4. d4 Bg7 5. Nf3 O-O 6. Be2 Bg4 7. Be3 Nfd7 8. h4
e5 9. d5 Nf6 10. Nd2 Bxe2 11. Qxe2 Nh5 12. O-O-O Nd7 13. Kb1 a5 14. Rc1 Nf4 15.
Qf1 Nc5 16. Nb3 b6 17. Nxc5 bxc5 18. g3 Nh5 19. Qe2 Qd7 20. a4 f5 21. exf5
Qxf5+ 22. Qc2 Nf6 23. Qxf5 gxf5 24. f3 e4 25. fxe4 Nxe4 26. Nxe4 fxe4 27. Rhf1
Rab8 28. Rxf8+ Rxf8 29. Re1 h5 30. Re2 Re8 31. Bd2 Kf7 32. Bxa5 Re7 33. Kc2 Kg6
34. b4 cxb4 35. Bxb4 Bd4 36. Bd2 Kf5 37. Be3 Ke5 38. Bf4+ Kf5 39. Re1 Re8 40.
Be3 Ke5 41. Bf4+ Kf5 1/2-1/2

[Event "European Senior Team Championship 2014"]
[Site "Sibenik"]
[Date "2014.04.06"]
[Round "6.9"]
[White "Weisshaupt, Rainer"]
[Black "Singer, Hans"]
[Result "0-1"]
[WhiteElo "2154"]
[BlackElo "2166"]
[PlyCount "108"]
[EventDate "2014.04.01"]

1. Nc3 c5 2. Nf3 Nc6 3. d4 cxd4 4. Nxd4 d6 5. g3 Bd7 6. Bg2 g6 7. O-O Bg7 8.
Nb3 Nf6 9. e4 O-O 10. h3 Ne5 11. Nd2 Rc8 12. Kh2 b5 13. Nf3 Nc4 14. Nd4 b4 15.
Nd5 e6 16. Nxb4 a5 17. Nd3 Nxe4 18. Nxe6 Nxf2 19. Nxd8 Nxd1 20. Rxd1 Rfxd8 21.
c3 Re8 22. Bf3 Rb8 23. g4 Ne3 24. Bxe3 Rxe3 25. Bd5 h5 26. Rd2 hxg4 27. hxg4
Bxg4 28. Re1 Rbe8 29. Rxe3 Rxe3 30. Kg2 Bf5 31. Nf2 Be5 32. Bf3 g5 33. Nd1 Rd3
34. Rxd3 Bxd3 35. a4 Bc2 36. Ne3 Bd3 37. Nd1 Bc2 38. Ne3 Bxa4 39. Nc4 f5 40.
Nxa5 g4 41. Bd5+ Kf8 42. b3 Bd7 43. c4 Ke7 44. Nc6+ Bxc6 45. Bxc6 Bc3 46. Bb7
Kf6 47. Kf2 Kg5 48. Ke3 Bb4 49. Kf2 Bc5+ 50. Kg2 f4 51. Bc8 Bb4 52. Bd7 f3+ 53.
Kg3 Be1+ 54. Kh2 Kf4 0-1

[Event "European Senior Team Championship 2014"]
[Site "Sibenik"]
[Date "2014.04.06"]
[Round "6.10"]
[White "Woeber, Friedrich"]
[Black "Watzka, Horst"]
[Result "1/2-1/2"]
[WhiteElo "2178"]
[BlackElo "2250"]
[PlyCount "41"]
[EventDate "2014.04.01"]

1. e4 e5 2. Nf3 Nc6 3. Nc3 Nf6 4. d4 exd4 5. Nxd4 Bb4 6. Nxc6 bxc6 7. Bd3 d5 8.
exd5 cxd5 9. O-O O-O 10. Bg5 c6 11. Qf3 Rb8 12. Rab1 Re8 13. h3 Be7 14. Rfe1
Be6 15. Ne2 h6 16. Bf4 Bd6 17. Ng3 c5 18. b3 a5 19. Nf5 Bxf4 20. Qxf4 Bxf5 21.
Bxf5 1/2-1/2

[Event "European Senior Team Championship 2014"]
[Site "Sibenik"]
[Date "2014.04.06"]
[Round "6.10"]
[White "Nickl, Klaus"]
[Black "Ernst, Michael"]
[Result "0-1"]
[WhiteElo "2139"]
[BlackElo "2170"]
[PlyCount "72"]
[EventDate "2014.04.01"]

1. e4 e6 2. d4 d5 3. e5 c5 4. c3 Nc6 5. Nf3 Qb6 6. a3 Nh6 7. b4 cxd4 8. Bxh6
gxh6 9. cxd4 Bd7 10. Be2 Rc8 11. O-O Bg7 12. Qd3 Nxd4 13. Nxd4 Bxe5 14. Rd1 Ba4
15. Nc3 Bxd1 16. Rxd1 Bxd4 17. Na4 Bxf2+ 18. Kf1 Qc6 19. b5 Qc2 20. Qxc2 Rxc2
21. Kxf2 Rg8 22. Rd3 Rg4 23. Nc3 d4 24. b6 dxc3 25. bxa7 Ra4 26. Rxc3 Rxc3 27.
Bb5+ Ke7 28. Bxa4 Rc8 29. Bb5 Ra8 30. a4 Rxa7 31. g4 Ra5 32. Kg3 Rxb5 33. axb5
Kd6 34. Kf4 f6 35. Kg3 Kc5 36. Kh4 e5 0-1

[Event "European Senior Team Championship 2014"]
[Site "Sibenik"]
[Date "2014.04.06"]
[Round "6.10"]
[White "Winiwarter, Felix"]
[Black "Kratschmer, Heinz"]
[Result "1/2-1/2"]
[WhiteElo "2136"]
[BlackElo "2114"]
[PlyCount "63"]
[EventDate "2014.04.01"]

1. d4 Nf6 2. Nf3 g6 3. c4 Bg7 4. Nc3 d5 5. e3 O-O 6. Qb3 c6 7. cxd5 cxd5 8. Be2
Nc6 9. O-O e6 10. Bd2 b6 11. Rac1 Bb7 12. Rfd1 Rc8 13. Qa4 a6 14. b4 b5 15. Qb3
Qd6 16. Rb1 Ne4 17. a4 Nxc3 18. Bxc3 Na7 19. Rbc1 Rc7 20. Bd2 Rfc8 21. Rc5 Bc6
22. a5 Bb7 23. Rdc1 Rxc5 24. dxc5 Qe7 25. Bc3 Nc6 26. Bxg7 Kxg7 27. Rd1 Rd8 28.
Nd4 e5 29. Nxc6 Bxc6 30. Bf3 Qb7 31. Qc3 f6 32. Qb3 1/2-1/2

[Event "European Senior Team Championship 2014"]
[Site "Sibenik"]
[Date "2014.04.06"]
[Round "6.10"]
[White "Pitzl, Konstantinos"]
[Black "Danner, Lambert"]
[Result "1/2-1/2"]
[WhiteElo "2060"]
[BlackElo "2101"]
[PlyCount "110"]
[EventDate "2014.04.01"]

1. e4 Nf6 2. Nc3 d6 3. d4 Nbd7 4. Nf3 e5 5. Be2 c6 6. h3 Be7 7. O-O O-O 8. Be3
Qc7 9. Nd2 b5 10. a3 a6 11. f4 Bb7 12. Bf3 Rfe8 13. Qe1 c5 14. d5 exf4 15. Bxf4
Bd8 16. Qg3 Ne5 17. Rad1 Nfd7 18. h4 Bf6 19. h5 Qd8 20. Be2 Bh4 21. Qh2 Bg5 22.
Qg3 h6 23. Nf3 Nxf3+ 24. Qxf3 Bxf4 25. Qxf4 Ne5 26. Bg4 Bc8 27. Bxc8 Rxc8 28.
Ne2 Qg5 29. Ng3 Rcd8 30. b3 Rd7 31. Rde1 Qxf4 32. Rxf4 g6 33. Ref1 Kg7 34. Rf6
a5 35. R6f4 c4 36. Rf6 Rc8 37. hxg6 fxg6 38. Re6 cxb3 39. cxb3 Rc3 40. Ne2 Rxb3
41. Nd4 Rb2 42. Re8 h5 43. Ne6+ Kh6 44. Rff8 h4 45. Rf4 g5 46. Rh8+ Kg6 47. Rf5
Nf7 48. Rg8+ Kh6 49. Rg7 Ne5 50. Rgxg5 Rf7 51. Rh5+ Kg6 52. Rhg5+ Kh6 53. Rh5+
Kg6 54. Nf4+ Kg7 55. Ne6+ Kg6 1/2-1/2

[Event "European Senior Team Championship 2014"]
[Site "Sibenik"]
[Date "2014.04.06"]
[Round "6.11"]
[White "Kristiansen, Erling"]
[Black "Baumbach, Friedrich"]
[Result "1-0"]
[WhiteElo "2189"]
[BlackElo "2231"]
[PlyCount "93"]
[EventDate "2014.04.01"]

1. d4 d5 2. c4 e6 3. Nf3 Nf6 4. Nc3 Be7 5. Bg5 O-O 6. e3 h6 7. Bh4 Ne4 8. Bxe7
Qxe7 9. Rc1 Nxc3 10. Rxc3 c6 11. Bd3 Nd7 12. O-O e5 13. dxe5 dxc4 14. Bxc4 Nxe5
15. Nxe5 Qxe5 16. Qb3 b6 17. Rd1 Qe7 18. Qc2 Bb7 19. Qd2 Rad8 20. Rd3 Rxd3 21.
Qxd3 Rc8 22. Qf5 Rc7 23. Bxf7+ Kh8 24. Be6 Qf6 25. Qxf6 gxf6 26. Rd7 Rxd7 27.
Bxd7 Kg7 28. Bf5 c5 29. g4 Bf3 30. Kf1 Kf7 31. Ke1 Ke7 32. Kd2 Kd6 33. e4 h5
34. gxh5 Bxh5 35. f4 b5 36. h3 a5 37. h4 b4 38. Bh7 Bf7 39. a3 c4 40. f5 Bh5
41. Bg6 Bf3 42. h5 Ke7 43. h6 Kf8 44. h7 Kg7 45. e5 fxe5 46. f6+ Kh8 47. f7 1-0

[Event "European Senior Team Championship 2014"]
[Site "Sibenik"]
[Date "2014.04.06"]
[Round "6.11"]
[White "Siegmund, Rainer"]
[Black "Dahl, Ivar M"]
[Result "1/2-1/2"]
[WhiteElo "2148"]
[BlackElo "2170"]
[PlyCount "24"]
[EventDate "2014.04.01"]

1. d4 e6 2. c4 Nf6 3. Nc3 Bb4 4. Qc2 d5 5. a3 Bxc3+ 6. Qxc3 Nc6 7. Nf3 Ne4 8.
Qc2 e5 9. dxe5 Bf5 10. Qa4 O-O 11. cxd5 Qxd5 12. e3 Nxe5 1/2-1/2

[Event "European Senior Team Championship 2014"]
[Site "Sibenik"]
[Date "2014.04.06"]
[Round "6.11"]
[White "Mundal, Arnold"]
[Black "Fleuch, Hans-Juergen"]
[Result "0-1"]
[WhiteElo "1937"]
[BlackElo "2064"]
[PlyCount "72"]
[EventDate "2014.04.01"]

1. Nf3 Nf6 2. d4 d6 3. Bg5 g6 4. c4 Bg7 5. Nc3 c6 6. e4 Qc7 7. Rc1 Nbd7 8. Be2
h6 9. Bf4 e5 10. Bg3 Nh5 11. dxe5 dxe5 12. O-O Nxg3 13. hxg3 O-O 14. b4 a5 15.
b5 Nc5 16. Qc2 Be6 17. Na4 Qe7 18. Nd2 Nxa4 19. Qxa4 Qb4 20. Qc2 a4 21. Rb1 Qc5
22. Rfc1 Rfd8 23. Nf3 Rd7 24. Rd1 Rxd1+ 25. Qxd1 Bxc4 26. bxc6 Qxc6 27. Bxc4
Qxc4 28. Rxb7 Qxa2 29. Qd7 a3 30. Qc6 Qe6 31. Qxe6 fxe6 32. Rb1 a2 33. Ra1 Bf8
34. Nd2 Bb4 35. Nb3 Bc3 36. Rd1 Rb8 0-1

[Event "European Senior Team Championship 2014"]
[Site "Sibenik"]
[Date "2014.04.06"]
[Round "6.11"]
[White "Franke, Roland"]
[Black "Lerstad, Bjorn"]
[Result "1/2-1/2"]
[WhiteElo "2012"]
[BlackElo "1914"]
[PlyCount "41"]
[EventDate "2014.04.01"]

1. b4 e5 2. Bb2 Bxb4 3. Bxe5 Nf6 4. e3 Nc6 5. Bb2 O-O 6. Nf3 d5 7. Be2 Re8 8.
O-O Qe7 9. d4 Be6 10. c3 Bd6 11. Nbd2 Na5 12. Qc2 b6 13. c4 c6 14. Rfc1 Rac8
15. Ng5 Bd7 16. c5 Bc7 17. Ba6 Rb8 18. Bd3 g6 19. Ngf3 b5 20. a4 a6 21. Rab1
1/2-1/2

[Event "European Senior Team Championship 2014"]
[Site "Sibenik"]
[Date "2014.04.06"]
[Round "6.12"]
[White "Niebuhr, Gerd"]
[Black "Roth, Peter"]
[Result "1/2-1/2"]
[WhiteElo "2036"]
[BlackElo "2176"]
[PlyCount "27"]
[EventDate "2014.04.01"]

1. d4 g6 2. c4 Bg7 3. Nc3 c5 4. Nf3 cxd4 5. Nxd4 Nc6 6. Nxc6 bxc6 7. g3 h5 8.
Bg2 h4 9. O-O Qa5 10. Ne4 hxg3 11. fxg3 Nf6 12. e3 Qh5 13. Qxh5 Rxh5 14. Rb1
1/2-1/2

[Event "European Senior Team Championship 2014"]
[Site "Sibenik"]
[Date "2014.04.06"]
[Round "6.12"]
[White "Dueckstein, Andreas"]
[Black "Juergens, Peter"]
[Result "1/2-1/2"]
[WhiteElo "2188"]
[BlackElo "2035"]
[PlyCount "24"]
[EventDate "2014.04.01"]

1. e4 e6 2. d4 d5 3. Nc3 Bb4 4. Qd3 Ne7 5. Bd2 c5 6. dxc5 O-O 7. Nge2 Bxc5 8.
Na4 Bd6 9. Ng3 b6 10. Nc3 Ba6 11. Qf3 Bxf1 12. Kxf1 Nbc6 1/2-1/2

[Event "European Senior Team Championship 2014"]
[Site "Sibenik"]
[Date "2014.04.06"]
[Round "6.12"]
[White "Hellwege, Werner"]
[Black "Titz, Herbert"]
[Result "1/2-1/2"]
[WhiteElo "2006"]
[BlackElo "1995"]
[PlyCount "22"]
[EventDate "2014.04.01"]

1. d4 Nf6 2. Nf3 g6 3. g3 Bg7 4. Bg2 O-O 5. O-O d6 6. c4 Nbd7 7. Nc3 c6 8. e4
Qc7 9. Bg5 e5 10. Rc1 h6 11. Bd2 Re8 1/2-1/2

[Event "European Senior Team Championship 2014"]
[Site "Sibenik"]
[Date "2014.04.06"]
[Round "6.12"]
[White "Newrkla, Alexander"]
[Black "Fritsch, Juergen"]
[Result "1-0"]
[WhiteElo "1956"]
[BlackElo "1950"]
[PlyCount "61"]
[EventDate "2014.04.01"]

1. e4 e5 2. Nf3 Nc6 3. d4 exd4 4. Nxd4 g6 5. Nxc6 dxc6 6. Qxd8+ Kxd8 7. Bd2 Bg7
8. Bc3 Bxc3+ 9. Nxc3 Be6 10. O-O-O+ Ke7 11. Be2 Nf6 12. f4 Rhd8 13. a3 Bg4 14.
e5 Ne4 15. Bxg4 Nf2 16. Bf3 Nxh1 17. Rxh1 f5 18. exf6+ Kxf6 19. g3 Re8 20. Ne4+
Kf5 21. Nf2 h5 22. Rd1 Re3 23. Rd3 Rae8 24. Kd2 Rxd3+ 25. Nxd3 Re6 26. h3 Rd6
27. Kc3 b6 28. g4+ hxg4 29. hxg4+ Kf6 30. Nb4 c5 31. Nd5+ 1-0

[Event "European Senior Team Championship 2014"]
[Site "Sibenik"]
[Date "2014.04.06"]
[Round "6.13"]
[White "Wademark, Helge"]
[Black "Habershon, Paul F"]
[Result "0-1"]
[WhiteElo "2124"]
[BlackElo "2069"]
[PlyCount "156"]
[EventDate "2014.04.01"]

1. e4 Nf6 2. e5 Nd5 3. d4 d6 4. Nf3 Bg4 5. Be2 c6 6. O-O Bxf3 7. Bxf3 dxe5 8.
dxe5 e6 9. b3 Nd7 10. Bb2 Qc7 11. Qe2 Nf4 12. Qe4 Ng6 13. Re1 O-O-O 14. a4 Be7
15. Na3 Nh4 16. Bd1 h5 17. Nc4 Nf5 18. g3 Nb6 19. a5 Nxc4 20. Qxc4 a6 21. Bc3
Qd7 22. Bf3 Nd4 23. Be4 Nb5 24. Bb2 h4 25. Bf3 hxg3 26. hxg3 Qc7 27. Qe4 Bc5
28. b4 Bd4 29. Rab1 f5 30. Qe2 Bxb2 31. Rxb2 Nd4 32. Qe3 Nxf3+ 33. Qxf3 Rd5 34.
Qe3 Rhd8 35. c4 Rd4 36. Qc1 Kb8 37. c5 Qd7 38. Qg5 Rh8 39. Kg2 Qd5+ 40. f3 Rd3
41. Rf2 Qd7 42. g4 fxg4 43. Qxg4 Rd4 44. Re4 Rd1 45. Ree2 g5 46. Qe4 Rdh1 47.
Re1 Rxe1 48. Qxe1 Qh7 49. Kf1 Qd3+ 50. Kg2 Qf5 51. Re2 Qh3+ 52. Kf2 Qh2+ 53.
Kf1 Qf4 54. Qc3 Rh1+ 55. Kf2 Rc1 56. Qb2 Qh2+ 57. Ke3 Qf4+ 58. Kf2 Rh1 59. Qc3
g4 60. Qd3 Qh2+ 61. Ke3 Qxe5+ 62. Kd2 Qb2+ 63. Ke3 Qe5+ 64. Kd2 Qg5+ 65. Kc3
Qf6+ 66. Kc2 gxf3 67. Rf2 Qg5 68. Rd2 Qf5 69. Qxf5 exf5 70. Rf2 Rh3 71. Kd3 Kc7
72. Ke3 Kd7 73. Rd2+ Ke7 74. Rd4 Rg3 75. Rd2 Rg2 76. Rd1 f2 77. Rf1 Ke6 78. Kf3
Rg4 0-1